01044cam a2200289 a 4500952017700000999001700177001000900194003000400203005001700207008004100224010001700265020001800282020001600300040001800316050002100334082002200355100003400377245007100411250001200482260005200494300003300546504005100579650001400630700002300644906004500667942004200712 00102ddc40708Technology of other organic products aMESbMEScCHEd2021-09-25e34g7761.60l0o668.54 CUR/Ip41263r2021-09-25 00:00:00v9702.00w2021-09-25yBKzGL17R2 c41199d4119912378805OSt20210706102732.0010413s2001 nyua b 001 0 eng  a 2001031588 a9780960875283 a 096087528X aDLCcDLCdDLC00aTP983b.C98 200100a668.54221bCUR/I1 aCurtis, Tonyq(Anthony)9864110aIntroduction to perfumery /cby Tony Curtis and David G. Williams. a2nd ed. aPort Washington, N.Y. :bMicelle Press,cc2001. axx, 778 p. :bill. ;c24 cm. aIncludes bibliographical references and index. 0aPerfumes.1 aWilliams, David G. a7bcbccorignewd1eocipf20gy-gencatlg 2ddccBKh658.54iCUR/Ik658.54mCUR/I